<?xml version="1.0" encoding="UTF-8"?>
<record
    xmlns:xsi="http://www.w3.org/2001/XMLSchema-instance"
    xsi:schemaLocation="http://www.loc.gov/MARC21/slim http://www.loc.gov/standards/marcxml/schema/MARC21slim.xsd"
    xmlns="http://www.loc.gov/MARC21/slim">

  <leader>00781nam a2200253Ia 4500</leader>
  <controlfield tag="005">20220719143109.0</controlfield>
  <controlfield tag="008">210716s2004    xx            000 0 und d</controlfield>
  <datafield tag="020" ind1=" " ind2=" ">
    <subfield code="a">8126504668</subfield>
  </datafield>
  <datafield tag="040" ind1=" " ind2=" ">
    <subfield code="c">AIMIT LIBRARY</subfield>
  </datafield>
  <datafield tag="041" ind1=" " ind2=" ">
    <subfield code="a">eng</subfield>
  </datafield>
  <datafield tag="082" ind1=" " ind2=" ">
    <subfield code="a">005.136 </subfield>
    <subfield code="2">1</subfield>
    <subfield code="b">ERIH</subfield>
  </datafield>
  <datafield tag="100" ind1=" " ind2=" ">
    <subfield code="a">Eriksson, Hans Erik.</subfield>
    <subfield code="9">51251</subfield>
  </datafield>
  <datafield tag="245" ind1=" " ind2=" ">
    <subfield code="a">UML 2 toolkit /</subfield>
    <subfield code="c">By Hans-Erik Eriksson...[et.al].</subfield>
  </datafield>
  <datafield tag="250" ind1=" " ind2=" ">
    <subfield code="a">1st ed.</subfield>
  </datafield>
  <datafield tag="260" ind1=" " ind2=" ">
    <subfield code="a">New Delhi :</subfield>
    <subfield code="b">Wiley Publishing Inc ,</subfield>
    <subfield code="c">2004.</subfield>
  </datafield>
  <datafield tag="300" ind1=" " ind2=" ">
    <subfield code="a">xvi, 511p. ;</subfield>
    <subfield code="c">23 cm.</subfield>
  </datafield>
  <datafield tag="650" ind1=" " ind2=" ">
    <subfield code="a">An overview of UML</subfield>
    <subfield code="9">51252</subfield>
  </datafield>
  <datafield tag="650" ind1=" " ind2=" ">
    <subfield code="a">Classes objects and their relationships</subfield>
    <subfield code="9">51253</subfield>
  </datafield>
  <datafield tag="650" ind1=" " ind2=" ">
    <subfield code="a">Dynamic modelling</subfield>
    <subfield code="9">51254</subfield>
  </datafield>
  <datafield tag="700" ind1=" " ind2=" ">
    <subfield code="a">Penker, Magnus.</subfield>
    <subfield code="9">51255</subfield>
  </datafield>
  <datafield tag="700" ind1=" " ind2=" ">
    <subfield code="a">Lyons, Brian.</subfield>
    <subfield code="9">51256</subfield>
  </datafield>
  <datafield tag="700" ind1=" " ind2=" ">
    <subfield code="a">Fado, David.</subfield>
    <subfield code="9">51257</subfield>
  </datafield>
  <datafield tag="942" ind1=" " ind2=" ">
    <subfield code="2">ddc</subfield>
    <subfield code="c">BK</subfield>
    <subfield code="e">1st</subfield>
    <subfield code="k">005.136 ERIH</subfield>
  </datafield>
  <datafield tag="999" ind1=" " ind2=" ">
    <subfield code="c">186084</subfield>
    <subfield code="d">186084</subfield>
  </datafield>
  <datafield tag="952" ind1=" " ind2=" ">
    <subfield code="0">0</subfield>
    <subfield code="1">0</subfield>
    <subfield code="2">ddc</subfield>
    <subfield code="4">0</subfield>
    <subfield code="7">0</subfield>
    <subfield code="8">MCA</subfield>
    <subfield code="a">AIMIT</subfield>
    <subfield code="b">AIMIT</subfield>
    <subfield code="e">Book World</subfield>
    <subfield code="g">399.00</subfield>
    <subfield code="i">Bill no:2626; Bill dt:2004-01-27</subfield>
    <subfield code="l">0</subfield>
    <subfield code="o">005.136 ERIH</subfield>
    <subfield code="p">MCA05592</subfield>
    <subfield code="r">2025-07-21 00:00:00</subfield>
    <subfield code="v">399.00</subfield>
    <subfield code="w">2021-07-16</subfield>
    <subfield code="y">BK</subfield>
  </datafield>
  <datafield tag="952" ind1=" " ind2=" ">
    <subfield code="0">0</subfield>
    <subfield code="1">0</subfield>
    <subfield code="2">ddc</subfield>
    <subfield code="4">0</subfield>
    <subfield code="7">0</subfield>
    <subfield code="8">MCA</subfield>
    <subfield code="a">AIMIT</subfield>
    <subfield code="b">AIMIT</subfield>
    <subfield code="e">Sita Book House</subfield>
    <subfield code="g">399.00</subfield>
    <subfield code="i">Bill no:5986; Bill dt:2005-02-01</subfield>
    <subfield code="l">0</subfield>
    <subfield code="o">005.136 ERIH</subfield>
    <subfield code="p">MCA06436</subfield>
    <subfield code="r">2025-07-21 00:00:00</subfield>
    <subfield code="v">319.20</subfield>
    <subfield code="w">2021-07-16</subfield>
    <subfield code="y">BK</subfield>
  </datafield>
  <datafield tag="952" ind1=" " ind2=" ">
    <subfield code="0">0</subfield>
    <subfield code="1">0</subfield>
    <subfield code="2">ddc</subfield>
    <subfield code="4">0</subfield>
    <subfield code="7">0</subfield>
    <subfield code="8">MCA</subfield>
    <subfield code="a">AIMIT</subfield>
    <subfield code="b">AIMIT</subfield>
    <subfield code="e">Current Books</subfield>
    <subfield code="g">429.00</subfield>
    <subfield code="i">Bill no:700011; Bill dt:2009-02-</subfield>
    <subfield code="l">0</subfield>
    <subfield code="o">005.136 ERIH</subfield>
    <subfield code="p">MCA08801</subfield>
    <subfield code="r">2025-07-21 00:00:00</subfield>
    <subfield code="v">429.00</subfield>
    <subfield code="w">2021-07-16</subfield>
    <subfield code="y">BK</subfield>
  </datafield>
  <datafield tag="952" ind1=" " ind2=" ">
    <subfield code="0">0</subfield>
    <subfield code="1">0</subfield>
    <subfield code="2">ddc</subfield>
    <subfield code="4">0</subfield>
    <subfield code="7">0</subfield>
    <subfield code="8">MCA</subfield>
    <subfield code="a">AIMIT</subfield>
    <subfield code="b">AIMIT</subfield>
    <subfield code="e">Current Books</subfield>
    <subfield code="g">429.00</subfield>
    <subfield code="i">Bill no:700011; Bill dt:2009-02-</subfield>
    <subfield code="l">0</subfield>
    <subfield code="o">005.136 ERIH</subfield>
    <subfield code="p">MCA08802</subfield>
    <subfield code="r">2025-07-21 00:00:00</subfield>
    <subfield code="v">429.00</subfield>
    <subfield code="w">2021-07-16</subfield>
    <subfield code="y">BK</subfield>
  </datafield>
  <datafield tag="952" ind1=" " ind2=" ">
    <subfield code="0">0</subfield>
    <subfield code="1">0</subfield>
    <subfield code="2">ddc</subfield>
    <subfield code="4">0</subfield>
    <subfield code="7">0</subfield>
    <subfield code="8">MCA</subfield>
    <subfield code="a">AIMIT</subfield>
    <subfield code="b">AIMIT</subfield>
    <subfield code="e">Higginbothams Pvt Ltd</subfield>
    <subfield code="g">205.00</subfield>
    <subfield code="i">Bill no:540; Bill dt:2013-04-03</subfield>
    <subfield code="l">0</subfield>
    <subfield code="o">005.136 ERIH</subfield>
    <subfield code="p">MCA12800</subfield>
    <subfield code="r">2025-07-21 00:00:00</subfield>
    <subfield code="v">153.75</subfield>
    <subfield code="w">2021-07-16</subfield>
    <subfield code="y">BK</subfield>
  </datafield>
  <datafield tag="952" ind1=" " ind2=" ">
    <subfield code="0">0</subfield>
    <subfield code="1">0</subfield>
    <subfield code="2">ddc</subfield>
    <subfield code="4">0</subfield>
    <subfield code="7">0</subfield>
    <subfield code="8">MCA</subfield>
    <subfield code="a">AIMIT</subfield>
    <subfield code="b">AIMIT</subfield>
    <subfield code="e">Higginbothams Pvt Ltd</subfield>
    <subfield code="g">469.00</subfield>
    <subfield code="i">Bill no:540; Bill dt:2013-04-03</subfield>
    <subfield code="l">0</subfield>
    <subfield code="o">005.136 ERIH</subfield>
    <subfield code="p">MCA12801</subfield>
    <subfield code="r">2025-07-21 00:00:00</subfield>
    <subfield code="v">351.75</subfield>
    <subfield code="w">2021-07-16</subfield>
    <subfield code="y">BK</subfield>
  </datafield>
</record>
